Pays de l'Hémisphère Sud - Statistiques

Statistiques générales
  • Ce quiz a été pris 118 fois
  • Le résultat moyen est 40 sur 48
Statistiques - réponses
Superficie km² Pays % Correct
8,516 m Brésil
100%
2,780 m Argentine
99%
756 102 Chili
99%
2,345 m RDC
98%
7,692 m Australie
97%
342 000 Congo Brazzaville
97%
406 752 Paraguay
95%
1,221 m Afrique du Sud
94%
228 021 Nouvelle-Zélande
94%
176 215 Uruguay
94%
30 355 Lesotho
91%
1,905 m Indonésie
90%
825 615 Namibie
90%
283 560 Equateur
89%
18 274 Fidji
89%
587 041 Madagascar
89%
945 087 Tanzanie
89%
1,099 m Bolivie
86%
581 309 Kenya
86%
1,285 m Pérou
86%
390 757 Zimbabwe
86%
1,247 m Angola
85%
801 590 Mozambique
85%
26 Tuvalu
85%
748 Tonga
84%
1,142 m Colombie
83%
26 000 Rwanda
83%
17 364 Swaziland
83%
752 618 Zambie
83%
459 Seychelles
82%
2842 Samoa
81%
12 189 Vanuatu
81%
600 370 Botswana
80%
2034 Comores
80%
21 Nauru
80%
267 667 Gabon
79%
27 000 Burundi
77%
811 Kiribati
77%
241 038 Ouganda
77%
118 000 Malawi
76%
462 840 Papouasie Nouvelle-Guinée
76%
637 657 Somalie
74%
28 400 Salomon
69%
2040 Maurice
68%
15 410 Timor Oriental
68%
298 Maldives
67%
28 050 Guinée Equatoriale
66%
1523 Sao Tomé et Principe
66%
Aucun quiz correspondant
Distribution des résultats
% des personnes avec chaque résultat
Percentile par nombre de réponses
Votre historique - résultats
Vous n’avez pas pris ce quiz